Volebné systémy a základné princípy volebného práva.
Rozdelenie štátov podľa stavu politických a volebných systémov na dve skupiny: na štáty, v ktorých sa uplatňuje systém dvoch politických strán a štáty, v ktorých sa uplatňuje systém viacerých politických strán. V prvej skupine sa uplatňuje tzv. väčšinový volebný systém, ktorý umožňuje výmenu zástupc...
Na minha lista:
| Autor principal: | |
|---|---|
| Formato: | Capítulo de Livro |
| Idioma: | eslovaco |
| Assuntos: | |
| Tags: |
Sem tags, seja o primeiro a adicionar uma tag!
|
MARC
| LEADER | 00000naa a2200000 4500 | ||
|---|---|---|---|
| 001 | r007950 | ||
| 005 | 20220831085644.7 | ||
| 041 | 0 | |a slo | |
| 044 | |a [CS] | ||
| 245 | 1 | 0 | |a Volebné systémy a základné princípy volebného práva. |c P. Kresák |
| 520 | |a Rozdelenie štátov podľa stavu politických a volebných systémov na dve skupiny: na štáty, v ktorých sa uplatňuje systém dvoch politických strán a štáty, v ktorých sa uplatňuje systém viacerých politických strán. V prvej skupine sa uplatňuje tzv. väčšinový volebný systém, ktorý umožňuje výmenu zástupcov jednej veľkej strany zástupcami druhej strany. V štátoch v ktorých sa na politickom živote štátu podieľa viacero politických strán sa vyvinul a uplatňuje proporcionálny volebný systém. Výhody a nevýhody obidvoch systémov. | ||
| 610 | 2 | 0 | |a voľby |
| 610 | 2 | 0 | |a strany politické |
| 610 | 2 | 0 | |a právo ústavné |
| 100 | 1 | |a Kresák, P. | |